00537nam a2200181Ia 4500003000900000008004100009020002200050040001600072080002100088100001700109245008200126260005600208300001400264650002600278650002000304650001400324650001700338IN-BaIIA211028s9999 xx 000 0 eng d a978-0-8018-9302-5 cIIA Library a537.6:524.8bZIR aZirker, J. B 4aThe Magnetic universebthe elusive traces of an invisible forcecJ. B. Zirker aBaltimorebThe Johns Hopkins University Pressc2009 aix, 296p. aCosmic magnetic field aMagnetic fields aMagnetism aThe universe